Calculus: Analytic geometry and calculus, with vectors (Record no. 63884)

000 -LEADER
fixed length control field 00507nam a22001817a 4500
003 - CONTROL NUMBER IDENTIFIER
control field NUST - PNEC
005 - DATE AND TIME OF LATEST TRANSACTION
control field 20170116180826.0
008 - FIXED-LENGTH DATA ELEMENTS--GENERAL INFORMATION
fixed length control field 150713b xxu||||| |||| 00| 0 eng d
020 ## - INTERNATIONAL STANDARD BOOK NUMBER
International Standard Book Number -
040 ## - CATALOGING SOURCE
Transcribing agency LIBRARY
082 ## - DEWEY DECIMAL CLASSIFICATION NUMBER
Classification number 515.15 AGN
100 ## - MAIN ENTRY--PERSONAL NAME
9 (RLIN) 4371
Personal name Agnew, Ralph Palmer
245 ## - TITLE STATEMENT
Title Calculus: Analytic geometry and calculus, with vectors
Statement of responsibility, etc. Ralph Palmer Agnew
260 ## - PUBLICATION, DISTRIBUTION, ETC.
Place of publication, distribution, etc. New York:
Name of publisher, distributor, etc. McGraw-Hill,
Date of publication, distribution, etc. c1963.
300 ## - PHYSICAL DESCRIPTION
Extent 736 p. :
650 ## - SUBJECT ADDED ENTRY--TOPICAL TERM
9 (RLIN) 4372
Topical term or geographic name entry element Calculus, Mathematics
General subdivision ME
942 ## - ADDED ENTRY ELEMENTS (KOHA)
Source of classification or shelving scheme
Koha item type Book
Holdings
Withdrawn status Lost status Source of classification or shelving scheme Damaged status Not for loan Permanent Location Current Location Shelving location Date acquired Total Checkouts Full call number Barcode Date last seen Price effective from Koha item type
          Pakistan Navy Engineering College (PNEC) Pakistan Navy Engineering College (PNEC)       515.15 AGN PNECLIB-009221 07/13/2015 07/13/2015 Book
© 2023 Central Library, National University of Sciences and Technology. All Rights Reserved.